000 00803cam a22002531 4500
001 11387
003 BD-RjUL
005 20211208235121.0
008 140126s1959 nyuab b 001 0 eng
035 _a(BD-RjUL)11436
040 _aDLC
_cDLC
_dDLC
_dOCoLC
_dBD-RjUL
_beng
041 _aeng
082 0 0 _a980.1
_bSTN 1959
100 1 _aSteward, Julian Haynes,
_d1902-1972.
_935206
245 1 0 _aNative peoples of South America /
_cJulian H. Steward [and] Louis C. Faron.
260 _aNew York :
_bMcGraw-Hill,
_cc1959.
300 _axi, 481 p. :
_billus., maps. ;
_c23 cm.
504 _aIncludes bibliographies and index.
650 0 _aIndians of South America.
_935207
700 1 _aFaron, Louis C.,
_d1923-
_ejoint author.
_935208
942 _2ddc
_cBK
999 _c11387
_d11387